Rajiv Gandhi's assassination : (Record no. 67969)
[ view plain ]
| 000 -LEADER | |
|---|---|
| fixed length control field | 00415nam a22001457a 4500 |
| 005 - DATE AND TIME OF LATEST TRANSACTION | |
| control field | 20180531140051.0 |
| 020 ## - INTERNATIONAL STANDARD BOOK NUMBER | |
| Terms of availability | 00 |
| 035 ## - SYSTEM CONTROL NUMBER | |
| System control number | B-24300, B-035150 |
| 037 ## - SOURCE OF ACQUISITION | |
| Stock number | DPL |
| Source of stock number/acquisition | ENG |
| 100 ## - MAIN ENTRY--PERSONAL NAME | |
| Personal name | Dalal, Ramesh |
| 245 ## - TITLE STATEMENT | |
| Title | Rajiv Gandhi's assassination : |
| Remainder of title | The mystery unfolds / |
| Statement of responsibility, etc | by Ramesh Dalal |
| 260 ## - PUBLICATION, DISTRIBUTION, ETC. (IMPRINT) | |
| Place of publication, distribution, etc | New Delhi |
| Name of publisher, distributor, etc | UBSPD |
| Date of publication, distribution, etc | 2001 |
| 300 ## - PHYSICAL DESCRIPTION | |
| Extent | vii, 334p. |
| Dimensions | 18 cms. |
| 942 ## - ADDED ENTRY ELEMENTS (KOHA) | |
| Source of classification or shelving scheme | Dewey Decimal Classification |
| Item type | English Books |
| Classification part | 364.1524 |
| Call number suffix | DAL |
| Withdrawn status | Lost status | Not for loan | Collection code | Home library | Current library | Date acquired | Cost, normal purchase price | Full call number | Barcode | Cost, replacement price | Koha item type | Source of acquisition |
|---|---|---|---|---|---|---|---|---|---|---|---|---|
| Non-fiction | Sarojini Nagar | Sarojini Nagar | 15/06/2012 | 0.00 | 364.1524 DAL | B-24300 | 0.00 | English Books | ||||
| Non-fiction | Shahdara Branch | Shahdara Branch | 31/05/2018 | 0.00 | 364.1524 DAL | B-035151 | 0.00 | English Books | BPPD/PUB |
